Aj o zajtrajšku

Politologický názor v dennej tlači ohľadom Referenda na Slovensku v roku 2015 (Referendum o rodine) a pastierskom liste Konferencie biskupov Slovenska, ktorý bol adresovaný najmä tým katolíckym veriacim, ktorí z rozličných dôvodov k referendu neplánujú ísť.

Guardado en:
Detalles Bibliográficos
Autor principal: Augustín, Michael, 1991-
Formato: Capítulo de libro
Lenguaje:eslovaco
Materias:
Etiquetas: Agregar Etiqueta
Sin Etiquetas, Sea el primero en etiquetar este registro!

MARC

LEADER 00000naa a2200000 4500
001 0280313
005 20240502074341.6
041 0 |a slo 
044 |a SK 
245 1 0 |a Aj o zajtrajšku  |c Michael Augustín 
520 |a Politologický názor v dennej tlači ohľadom Referenda na Slovensku v roku 2015 (Referendum o rodine) a pastierskom liste Konferencie biskupov Slovenska, ktorý bol adresovaný najmä tým katolíckym veriacim, ktorí z rozličných dôvodov k referendu neplánujú ísť. 
610 2 0 |a politológia 
610 2 0 |a referendum 
610 2 0 |a rodina 
610 2 0 |a cirkev 
610 2 0 |a Slovensko 
100 1 |a Augustín, Michael, 1991-